| 000 | 00773nam a2200241 a 4500 | ||
|---|---|---|---|
| 999 |
_c1009 _d1009 |
||
| 001 | 17248 | ||
| 003 | BD-DhUAP | ||
| 005 | 20210123115104.0 | ||
| 008 | 200129m20112003bg 000 0 eng d | ||
| 020 | _a 98430000003463 | ||
| 040 |
_aSTX _cBD-DhUAP _bEng _dBD-DhUAP |
||
| 082 | 0 | 0 |
_a340.2 KAB _223 |
| 100 | 1 | _aKabir, Md. Ahsan. | |
| 245 | 0 | 0 |
_aAn introduction to jurisprudence and legal theory : _b(student edition) / _cMd. Ahsan Kabir. |
| 250 | _a6th ed. | ||
| 260 |
_aDhaka : _bShams Publications, _cc2003 [2014]. |
||
| 300 |
_a(18), 406 pages ; _c22 cm. |
||
| 650 |
_aComparative law _vStudy and teaching. |
||
| 650 |
_aJurisprudence _vStudy and teaching. |
||
| 650 |
_aLaw _vStudy and teaching. |
||
| 942 |
_2ddc _cBK |
||